000 00843cad a22002295a 4500
001 E154984
008 120619s2012 xxk f 000 0 eng d
035 _a(Sirsi) u154984
041 0 _aeng
050 0 4 _a333.33 $2 18
110 2 _aSavills
_92020
245 0 0 _aEdinburgh office survey
_breview of 2011 and outlook for 2012
_h[electronic resource]
260 _aEdinburgh
_bSavills
_c2012
490 0 _aSavills Edinburgh Office Survey
520 _aSuggests that take-up in 2011 was below the long term average, although predicts that this will change in 2012.
521 _aAdvanced
590 _aKA
651 4 _aEdinburgh
690 _aCommercial property
_96227
856 4 0 _uhttps://pdf.euro.savills.co.uk/uk/office-reports/edinburgh-offices-feb12.pdf
_zView the report after free registration at www.savills.co.uk
942 _n0
999 _c113269
_d113269